Top 10 Città più popolose Provincia di Pescara - Statistics

Statistiche generali
  • Questo quiz è stato fatto 22 volte
  • Il punteggio medio è 5 su 10
Statistiche sulle risposte
Popolazione (ab.) Città % Corretto
119 252 Pescara
100%
54 268 Montesilvano
88%
15 042 Città Sant'Angelo
65%
11 066 Cepagatti
59%
19 247 Spoltore
59%
12 126 Penne
53%
8 467 Pianella
35%
5 989 Collecorvino
29%
7 741 Loreto Aprutino
29%
6 952 Manoppello
29%
Nessun quiz corrispondente trovato
Distribuzione punteggi
Percentuale di utenti per punteggio
Percentile per numero di risposta
I tuoi punteggi nel tempo
Non hai fatto questo quiz